A Textbook of Environmental Chemistry and Pollution Control (Record no. 49915)

MARC details
000 -LEADER
fixed length control field 00369nam a2200133Ia 4500
008 - FIXED-LENGTH DATA ELEMENTS--GENERAL INFORMATION
fixed length control field 220530s9999 xx 000 0 und d
041 ## - LANGUAGE CODE
Language code of text/sound track or separate title eng
082 ## - DEWEY DECIMAL CLASSIFICATION NUMBER
Classification number 540.618
Item number DAR
100 ## - MAIN ENTRY--PERSONAL NAME
Personal name Dara.S.S
9 (RLIN) 54588
245 ## - TITLE STATEMENT
Title A Textbook of Environmental Chemistry and Pollution Control
260 ## - PUBLICATION, DISTRIBUTION, ETC. (IMPRINT)
Place of publication, distribution, etc. Delhi
Name of publisher, distributor, etc. S.Chand & Co Ltd
Date of publication, distribution, etc. 2010
300 ## - PHYSICAL DESCRIPTION
Extent XIII, 402
Other physical details PB
906 ## - LOCAL DATA ELEMENT F, LDF (RLIN)
a 35
b ALIED
Holdings
Withdrawn status Lost status Damaged status Not for loan Collection code Home library Current library Date acquired Vendor Cost, normal purchase price Full call number Barcode Date last seen Cost, replacement price Bill Date Koha item type Original Barcode
        Allied Science Cummins College of Engineering for Women Nagpur Cummins College of Engineering for Women Nagpur 20/11/2010 S. Chand and Co 140.00 540.618/DAR CEWN-BK-2521 30/05/2022 105.00 30/05/2022 Books 002521